000 00494nam a2200181 i 4500
001 92059
003 ES-MaACL
005 20250911063543.0
007 t|
008 050330s1995 sp ||||1| spa d
080 _a821.134.2-31"16"
100 1 _aGracián, Baltasar,
_d1601-1658
_959478
245 1 3 _aEl criticón /
_cBaltasar Gracián.
260 _a[S.l.] :
_bOlympia,
_c[1995]
300 _a699 p. ;
_c18 cm.
852 _aES-MaACL
_jE-10880
_bR.135729
999 _c92059
_d92059